000 00629nam a22002057a 4500
005 20240530110719.0
008 180319s2017 ua g 000 f ara d
017 _a2016/26015
_bمصر. دار الكتب
020 _a9789777950947
040 _aEG-CaGPL
_cEG-CaGPL
082 0 4 _221
_a814.008/
_bج ب
100 0 _aجابر عصفور
245 1 0 _aبعيدا عن مصر /
_cجابر عصفور
260 _aالقاهرة :
_c2017 .
300 _a391 ص. ؛
_c19 سم.
650 0 7 _2qrmak
_aالمقالات العربية
651 _2qrmak
942 _2ddc
_cBK
999 _c64197
_d64197